[Event "SVK-ch U10"]
[Site "Lubovnianske Kupele"]
[Date "2012.03.21"]
[Round "6"]
[White "Klimko, Matus"]
[Black "Panko, Eduard"]
[Result "0-1"]
[WhiteElo "1084"]
[BlackElo "1138"]
[PlyCount "49"]
[EventDate "2012.03.17"]
[EventType "swiss"]
[EventRounds "9"]
[EventCountry "SVK"]
[SourceTitle "CBM 147 Extra"]
[Source "ChessBase"]
[SourceDate "2012.04.24"]
[SourceVersion "1"]
[SourceVersionDate "2012.04.24"]
[SourceQuality "1"]

1. e4 e6 2. d4 d5 3. Nd2 Nf6 4. Bd3 Be7 5. f4 dxe4 6. Nxe4 Qxd4 7. Nf3 Qd8 8. Nxf6+ Bxf6 9. Bd2 Bxb2 10. Rb1 Bf6 11. Be4 c6 12. 0-0 0-0 13. Bb4 Qb6+ 14. Kh1 Rd8 15. Qe1 a5 16. Be7 Qc7 17. Bxd8 Qxd8 18. Rd1 Qe7 19. Rd3 Nd7 20. f5 Nf8 21. fxe6 Bxe6 22. Qg3 Bxa2 23. Qh3 Qxe4 24. Rfd1 Be6 25. Re1 0-1